00481nam a2200181Ia 4500008004100000020001800041050001400059100002100073245005200094245005300146260001500199260001600214260000900230300001500239300002700254300001000281500000800291170918s9999 xx 000 0 und d a9780590929226 bB838 2000 aBrenner, Barbara aIf you lived in Williamsburg in Colonial days / cBarbara Brenner ; illustrated by Jenny Williams. aNew York : bScholastic, c2000 a79 pages : bcolored illustration ; c19cm. a850